Illinois Universities - Map Quiz - Statistics

General Stats
  • This quiz has been taken 119 times
  • The average score is 9 of 12
Answers on the Map
Answers color-coded by a green-red scale on the quiz's map according to % correct below.
 
Answer Stats
Answer % Correct
Northwestern University
94%
Northern Illinois University
86%
University of Illinois Springfield
80%
Southern Illinois University Carbondale
76%
Eastern Illinois University
74%
University of Illinois Urbana-Champaign
73%
Southern Illinois University Edwardsville
70%
Western Illinois University
69%
Illinois State University
68%
Bradley University
62%
Quincy University
62%
Lewis University
61%
No matching quizzes found
Score Distribution
Percent of People with Each Score
Percentile by Number Answered
Your Score History
You have not taken this quiz